00320nam a2200133Ia 4500008004000000041000800040082001100048100001600059245003000075260004300105650001400148650001000162650001400172210210b1956 xxu||||| |||| 00| 0 eng d aeng a330/43 aBROWN (A J) aGreat inflation 1939-1951 aLondonbOxford University Pressc1956 ainflation aGreat a1939-1951